|
|
|
|
| LEADER |
00000nam a2200000 a 4500 |
| 001 |
vtls001387384 |
| 003 |
SK-MaSNL |
| 005 |
20260430112112.0 |
| 008 |
240314s1998 xo a r y slo |
| 015 |
|
|
|a SNBA2000/06-02216
|
| 020 |
|
|
|a 8096791605
|
| 035 |
|
|
|a SNK000341575
|
| 035 |
|
|
|a urn:nbn:sk:snk-amkkzw
|
| 035 |
|
|
|a urn:nbn:sk:snk-am003ns2
|
| 035 |
|
|
|a E5896859-FEFA-44EC-B7E7-C71EEB556633
|
| 040 |
|
|
|a SNK
|b slo
|c SNK
|e AACR2
|
| 041 |
0 |
|
|a slo
|
| 044 |
|
|
|a xo
|c SK
|
| 080 |
|
|
|a 659.1+659.3/.4
|2 1981
|
| 080 |
|
|
|a 659.3/.4
|2 1981
|
| 100 |
1 |
|
|a Horňák, Pavel,
|d 1953-2023
|4 aut
|9 221555
|
| 245 |
1 |
0 |
|a Reklama - propagácia - public relations v médiách
|c Pavel Horňák
|
| 260 |
|
|
|a Bratislava
|b Slovenská spoločnosť pre propagáciu
|c 1998
|
| 300 |
|
|
|a 155 s.
|b sch.
|c 21 cm
|
| 504 |
|
|
|a Bibliogr. s. 150-155. Pozn.
|
| 650 |
0 |
7 |
|a médiá
|2 SNKPH
|9 1424
|
| 650 |
0 |
7 |
|a reklama a propagácia
|2 SNKPH
|9 66573
|
| 650 |
0 |
7 |
|a public relations
|2 SNKPH
|
| 655 |
|
7 |
|a príručky
|2 SNKPH
|9 74364
|
| 919 |
|
|
|a 80-967916-0-5
|
| 958 |
|
|
|a TL
|
| 958 |
|
|
|a NB
|
| 999 |
|
|
|c 809803
|d 811733
|
| 952 |
|
|
|t P60, <03>, [BOOK], {603}
|a SNK
|b SNK
|y PREZ
|7 0
|p 17A0236517
|o snkSC 101406
|i snkKSP 4265/2000
|0 0
|1 0
|4 0
|d 2000-04-26
|f 1
|l 0
|r 2025-09-23 00:00:00
|w 2026-02-24
|